000 00677cam a2200229 4500
008 090401t1981 xxu||||| |||| 00| 0 eng d
020 _a0854061649
022 _a0141-1462
035 _a(Sirsi) u35019
041 _aeng
050 _a711.026
090 _aRICS 1981/80ABC
110 _aRoyal Institution of Chartered Surveyors
_bPlanning and Development Division
_9956
245 4 _aThe making of a planning application: a guide for practitioners
250 _aRev. ed.
260 _aLondon
_bSurveyors Publications
_c1981
300 _a7p. 30cm
350 _a2.25
490 _aRICS Planning and Development Practice Note
_v3
942 _n0
948 _c04/03/1997
999 _c90024
_d90024